Reálna integrácia ako hybná sila

Rozhovor šéfredaktora časopisu s doc. Ing. Petrom Staněkom, PhD o vybraných otázkach stratégie ekonomiky, štruktúry ekonomiky, štátneho dlhu, vzdelávania a vedy, etiky a integrácie v EÚ. Privatizácia u nás.

Enregistré dans:
Détails bibliographiques
Auteur principal: Hvizdoš, Ladislav
Autres auteurs: Staněk, Peter
Format: Chapitre de livre
Langue:slovaque
Sujets:
Tags: Ajouter un tag
Pas de tags, Soyez le premier à ajouter un tag!

MARC

LEADER 00000naa$a2200000$$$4500
001 0030346
005 20230622114728.9
041 0 |a slo 
044 |a SK 
245 1 0 |a Reálna integrácia ako hybná sila  |c Ladislav Hvizdoš, Peter Staněk 
520 |a Rozhovor šéfredaktora časopisu s doc. Ing. Petrom Staněkom, PhD o vybraných otázkach stratégie ekonomiky, štruktúry ekonomiky, štátneho dlhu, vzdelávania a vedy, etiky a integrácie v EÚ. Privatizácia u nás. 
610 2 0 |a stratégia hospodárska 
610 2 0 |a štruktúra ekonomická 
610 2 0 |a privatizácia 
610 2 0 |a dlhy štátne 
610 2 0 |a vzdelávanie 
610 2 0 |a veda 
610 2 0 |a etika 
610 2 0 |a Slovensko 
610 2 0 |a integrácia ekonomická medzinárodná 
100 1 |a Hvizdoš, Ladislav 
700 1 |a Staněk, Peter